| 000 | 00993nam a2200349 a 4500 | ||
|---|---|---|---|
| 003 | AR-BaBNM | ||
| 005 | 20251128210103.0 | ||
| 008 | 082120s2002 ||||||||||||||000 | spa|| | ||
| 040 | _cAR-BaBNM | ||
| 100 | 1 | _aMüller, Marina | |
| 245 | 0 | 0 |
_aOrientación educativa y tutoría _bdocentes tutores |
| 260 |
_a[S.l.] _bLa autora _c1997 |
||
| 504 | _aContiene bibliografía | ||
| 650 | 4 | _aTUTORIA | |
| 650 | 4 | _aPROFESORES-TUTORES | |
| 650 | 4 | _aTRABAJO EN EQUIPO | |
| 650 | 4 | _aFUNCIONES DE LA ORIENTACION | |
| 650 | 4 | _aOBJETIVOS DE LA ORIENTACION | |
| 650 | 4 | _aORIENTACION PEDAGOGICA | |
| 650 | 4 | _aORIENTACION PROFESIONAL | |
| 650 | 4 | _aPSICOLOGIA DE LA EDUCACION | |
| 650 | 4 | _aDIAGNOSTICO EDUCACIONAL | |
| 650 | 4 | _aENTREVISTAS | |
| 650 | 4 | _aREGISTROS DE ALUMNOS | |
| 653 | _aORIENTACION EDUCATIVA | ||
| 653 | _aEDUCACION SECUNDARIA | ||
| 653 | _aTEMAS TRANSVERSALES | ||
| 653 | _aORIENTACION VOCACIONAL | ||
| 653 | _aPSICOPEDAGOGIA | ||
| 942 | _cBK | ||
| 998 | _cRaquel | ||
| 999 |
_c13982 _d13982 |
||